Central Library OPAC University of Rajshahi

পাণ্ডুলিপির একাত্তর / (Record no. 76305)

MARC details
000 -LEADER
fixed length control field 00822nam a22002297a 4500
001 - CONTROL NUMBER
control field 76305
003 - CONTROL NUMBER IDENTIFIER
rucl marc code BD-RjUL
005 - DATE AND TIME OF LATEST TRANSACTION
control field 20211209082826.0
008 - FIXED-LENGTH DATA ELEMENTS--GENERAL INFORMATION
fixed length control field 191121s2018 bg ||||| |||| 00| 0 ben d
020 ## - INTERNATIONAL STANDARD BOOK NUMBER
International Standard Book Number 9789840420568
035 ## - SYSTEM CONTROL NUMBER
System control number (BD-RjUL)76526
040 ## - CATALOGING SOURCE
Original cataloging agency BD-RjUL
Language of cataloging eng
Transcribing agency BD-RjUL
041 ## - LANGUAGE CODE
Language code of text/sound track or separate title eng
082 ## - DEWEY DECIMAL CLASSIFICATION NUMBER
Edition number 23
Classification number 954.9205
Author mark and year AHP 2018
100 ## - MAIN ENTRY--PERSONAL NAME
Personal name আহমদ, আশরাফ
9 (RLIN) 235275
245 10 - TITLE STATEMENT
Title পাণ্ডুলিপির একাত্তর /
Statement of responsibility, etc. আশরাফ আহমদ
260 ## - PUBLICATION, DISTRIBUTION, ETC. (IMPRINT)
Place of publication, distribution, etc. ঢাকা :
Name of publisher, distributor, etc. আগামী প্রকাশনী,
Date of publication, distribution, etc. ২০১৮
300 ## - PHYSICAL DESCRIPTION
Pagination ৩০৩ পৃ.;
Size ২৩ সেমি.
650 ## - SUBJECT ADDED ENTRY--TOPICAL TERM
Topical term or geographic name as entry element মুক্তিযুদ্ধ
Geographic subdivision বাংলাদেশ
Chronological subdivision ১৯৭১
9 (RLIN) 235276
Topical term or geographic name as entry element Libaretion War
Geographic subdivision Bangladesh
Chronological subdivision 1971
9 (RLIN) 122931
942 ## - ADDED ENTRY ELEMENTS (KOHA)
Source of classification or shelving scheme Dewey Decimal Classification
Koha item type Books
Holdings
Lost status Source of classification or shelving scheme Damaged status Not for loan Collection code Permanent Location Current Location Shelving location Date acquired Source of acquisition Cost, normal purchase price Total Checkouts Full call number Date last seen Copy number Koha item type
  Dewey Decimal Classification   Not For Loan Non-fiction Central Library, University of Rajshahi Central Library, University of Rajshahi Reading Room 07/11/2019 Biddasagar, Rajshahi 600.00   B 954.9205 AHP 2018 21/11/2019 C-1 Books